Представление документа в формате RUSMARC

ПолеНазваниеЗначение
  Тип записи a
  Библиографический уровень a
001 Контрольный номер RU/CBS_UL/BASE/092de59d627f454486f667b624fd4f62
005 Дата корректировки 20231027165211.5
100 Данные общей обработки __
a Данные общей обработки 20231027 ||| 0rusy0189 ca
101 Язык документа 0_
a Язык текста rus
102 Страна публикации __
a Страна публикации RU
200 Заглавие и сведения об ответственности 1_
a Заглавие "Дай лапу!"
e Сведения, относящиеся к заглавию [о том, как оказать помощь питомцу при болевых ощущениях в лапах]
f Первые сведения об ответственности Л. Сергеева
300 Общие примечания __
a Общие примечания 16+
461 Уровень набора _0
1 2000
a Дарья
463 Уровень физической единицы _0
1 2000
a № 21
v С. 44 : фот.
1 2101
d 2023
1 001RU/CBS_UL/BASE/b5dac5ae6b814e53a91c445695959509
606 Тематические рубрики 0_
a Основная рубрика Болезни собак
610 Ключевые слова 0_
a Ключевые слова собаководство
610 Ключевые слова 0_
a Ключевые слова собаки
610 Ключевые слова 0_
a Ключевые слова болезни собак
610 Ключевые слова 0_
a Ключевые слова болевые ощущения
610 Ключевые слова 0_
a Ключевые слова хромота у собак
610 Ключевые слова 0_
a Ключевые слова травмы
610 Ключевые слова 0_
a Ключевые слова нарушения шага у собак
686 Индексы других классификаций __
2 Код системы rubbk
a Классификационный индекс 46.73
700 Автор _1
a Фамилия Сергеева
b Имя (инициалы) Л.
801 Источник записи _0
a Страна RU
b Организация МБУК ЦБС г. Ульяновска
c Дата составления 20231027
g Правила каталогизации RCR
801 Источник записи _1
a Страна RU
b Организация МБУК ЦБС г. Ульяновска
c Дата составления 20231027
g Правила каталогизации RCR
901 Тип документа __
t Тип документа b
w Контрольный № источника RU/CBS_UL/BASE/b5dac5ae6b814e53a91c445695959509